000 00409nam a22001697a 4500
005 20180607152044.0
008 160525b xxu||||| |||| 00| 0 eng d
020 _a81-203-1959
041 _aeng
082 _b5011
_a657
100 _aBhattacharya, Asish K.
_9263
245 _aAccounting Standards
260 _aNew Delhi
_bAcademic Faundation
300 _a480
650 _aManagement
_9241
942 _cBK
999 _c1755
_d1754